गाँधी सियासत और साम्प्रदायिकता / (Record no. 197589)

MARC details
000 -LEADER
fixed length control field 00723nam a22002057a 4500
005 - DATE AND TIME OF LATEST TRANSACTION
control field 20230828125258.0
010 ## - LCCN (DPL NO)
LC control number HIN-125680
020 ## - INTERNATIONAL STANDARD BOOK NUMBER
Terms of availability 449.00
International Standard Book Number 9789392080241
035 ## - SYSTEM CONTROL NUMBER
System control number HN-98025
037 ## - SOURCE OF ACQUISITION
Source of stock number/acquisition DBAD/PUB
082 ## - DEWEY DECIMAL CLASSIFICATION NUMBER
Classification number
100 ## - MAIN ENTRY--PERSONAL NAME
Personal name बबेले, पीयूष
245 ## - TITLE STATEMENT
Title गाँधी सियासत और साम्प्रदायिकता /
Statement of responsibility, etc पीयूष बबेले
260 ## - PUBLICATION, DISTRIBUTION, ETC. (IMPRINT)
Name of publisher, distributor, etc Genuine publications & media pvt ltd
Date of publication, distribution, etc 2023
Place of publication, distribution, etc New Delhi
270 ## - ADDRESS
Address b-35 (LGF) Nizamuddin west
City New Delhi
Postal code 110013
300 ## - PHYSICAL DESCRIPTION
Extent 297पृ.
Dimensions 22 सेमी(अजिल्द )
650 ## - SUBJECT ADDED ENTRY--TOPICAL TERM
General subdivision
Geographic subdivision
650 ## - SUBJECT ADDED ENTRY--TOPICAL TERM
Form subdivision
942 ## - ADDED ENTRY ELEMENTS (KOHA)
Source of classification or shelving scheme Dewey Decimal Classification
Item type Hindi Books
Classification part
Call number suffix बबेले
Holdings
Withdrawn status Lost status Not for loan Collection code Home library Current library Date acquired Source of acquisition Cost, normal purchase price Full call number Barcode Copy number Cost, replacement price Koha item type
      Fiction Vinoba Puri Vinoba Puri 28/08/2023 DBAD 499.00 क बबेले HN-98026 1 499.00 Hindi Books

© Delhi Public Library
Hit Counter
free hit counter